000 01452nam a22002417a 4500
003 dpl
005 20180820161306.0
008 180820b xxu||||| |||| 00| 0 eng d
010 _aB-132886
020 _c125.00
_a014303040X
035 _aB-132886, B-132890
037 _bCen Lib/Ret
040 _aDPL
_bEN
_c0
082 _a158.1
_bUBE
100 _aUberoi, Meera
_930534
245 _aLeadership secrets from the Mahabharata /
_cby Meera Uberoi
260 _aNew Delhi
_bPenguin Books
_c2003
270 _bNew Delhi
_a11 Community Centre, Panchsheel Park
_e110017
300 _axix,81p.
_c19cm(pbk)
650 _aSuccess in business French-english
_v
_935032
650 _aLeadership
_935033
942 _2ddc
_cEN
_h158.1
_mUBE
999 _c132541
_d132541